000 01181cam a2200217 4500
001 WB@3612-304
008 041125n2004 000 0 eng u
035 _a(Sirsi) u128151
245 _aBlue belts
260 _c2004
490 _aThe Chartered Institution of Water and Environmental Management Press Release
_v23 November 2004 (2)
520 _aThe Chartered Institution of Water and Environmental Management (CIWEM) wants the issue of the creation of blue belt land in flood pains to be taken seriously. They want the same restrictions or bans to be in place as with green belt development. CIWEM has also proposed that a new national agency be created with responsibility for flooding and coastal management and the power to designate blue belt land, with local authorities as the implementing bodies responsible for carrying out flood and erosion risk management works. Further details on the proposal are available from the website. http://www.ciwem.com/press/231104.asp
590 _aWB
590 _aWB
650 _aFLOOD PLAINS
650 _aPLANNING
650 _aFLOOD RISK AREAS
650 _aDEVELOPMENT
690 _aENVIRONMENT
_96238
942 _n0
999 _c118380
_d118380